Genetic predisposition to albuminuria is associated with increased arterial stiffness: role of elastin. (Registro nro. 17037)
[ vista simple ]
| 000 -CABECERA | |
|---|---|
| Campo de control de longitud fija | nab a22 7a 4500 |
| 003 - IDENTIFICADOR DEL NÚMERO DE CONTROL | |
| Campo de control | PC17037 |
| 005 - FECHA Y HORA DE LA ÚLTIMA TRANSACCIÓN | |
| Campo de control | 20221027095652.0 |
| 008 - CÓDIGOS DE INFORMACIÓN DE LONGITUD FIJA | |
| Campo de control de longitud fija | 221026b xxu||||| |||| 00| 0 eng d |
| 040 ## - FUENTE DE LA CATALOGACIÓN | |
| Centro transcriptor | H12O |
| 041 ## - CÓDIGO DE LENGUA | |
| Código de lengua del texto/banda sonora o título independiente | eng |
| 100 ## - PUNTO DE ACCESO PRINCIPAL - NOMBRE DE PERSONA | |
| 9 (RLIN) | 2167 |
| Nombre de persona | Ruiz Hurtado, Gema |
| Término indicativo de función | Instituto de Investigación i+12 |
| 245 00 - MENCIÓN DE TÍTULO | |
| Título | Genetic predisposition to albuminuria is associated with increased arterial stiffness: role of elastin. |
| Tipo de material | [artículo] |
| 260 ## - PUBLICATION, DISTRIBUTION, ETC. (IMPRINT) | |
| Nombre del editor distribuidor etc. | British journal of pharmacology, |
| Fecha de publicación distribución etc. | 2015 |
| 300 ## - DESCRIPCIÓN FÍSICA | |
| Extensión | 172(17):4406-18. |
| 500 ## - NOTA GENERAL | |
| Nota general | Formato Vancouver: Gil Ortega M, García Prieto CF, Ruiz Hurtado G, Steireif C, González MC, Schulz A et al. Genetic predisposition to albuminuria is associated with increased arterial stiffness: role of elastin. Br J Pharmacol. 2015 Sep;172(17):4406-18. |
| 501 ## - NOTA DE “CON” | |
| Nota de "Con" | PMID: 26075500 PMC4556477 |
| 504 ## - NOTA DE BIBLIOGRAFÍA; ETC. | |
| Nota de bibliografía etc. | Contiene 62 referencias |
| 520 ## - NOTA DE SUMARIO; ETC. | |
| Sumario etc. | Background and purpose: The Munich Wistar Frömter (MWF) rat strain represents an experimental model to study cardiovascular alterations under conditions of progressive albuminuria. The aim of this study was to evaluate the association between genetic predisposition to albuminuria and the development of arterial stiffness and/or vascular remodelling. Experimental approach: Experiments were performed in mesenteric arteries from 12-week-old MWF, Wistar Kyoto (WKY) and consomic MWF-6(SHR) and MWF-8(SHR) rats in which chromosomes 6 or 8 associated with albuminuria from MWF were replaced by the respective chromosome from spontaneously hypertensive rats (SHR). Key results: Incremental distensibility, wall stress and strain were reduced, and arterial stiffness was significantly increased in albuminuric MWF compared with WKY. Albuminuria suppression in both consomic strains was associated with lower β-values in MWF-8(SHR) and MWF-6(SHR) compared with MWF. Moreover, elastin content was significantly lower in MWF external elastic lamina compared with WKY and both consomic strains. In addition, a reduction in arterial external and internal diameter and cross-sectional area was detected in MWF compared with WKY, thus exhibiting an inward hypotrophic remodelling. However, these alterations remained unchanged in both consomic strains. Conclusion and implications: These data demonstrate that albuminuria in MWF is associated with increased arterial stiffness due to a reduction of elastin content in the external elastic lamina. Moreover, inward hypotrophic remodelling in MWF is not directly associated with albuminuria. In contrast, we demonstrated that two major genetic loci affect both the development of albuminuria and arterial stiffness, thus linking albuminuria and impairment of mechanical properties of resistance arteries. |
| 710 ## - PUNTO DE ACCESO ADICIONAL - NOMBRE DE ENTIDAD | |
| 9 (RLIN) | 625 |
| Nombre de entidad o nombre de jurisdicción como elemento inicial | Instituto de Investigación imas12 |
| 856 ## - LOCALIZACIÓN Y ACCESO ELECTRÓNICOS | |
| Identificador Uniforme del Recurso (URI) | https://www.ncbi.nlm.nih.gov/pmc/articles/PMC4556477/ |
| Acceso | Acceso libre |
| 942 ## - ENTRADA PARA ELEMENTOS AGREGADOS (KOHA) | |
| Fuente de clasificación o esquema de ordenación en estanterías | |
| Koha [por defecto] tipo de item | Artículo |
| Suprimido en OPAC | Público |
| Suprimido | Estado de pérdida | Fuente de clasificación o esquema de ordenación en estanterías | Estropeado | No para préstamo | Localización permanente | Localización actual | Fecha de adquisición | Signatura completa | Fecha última consulta | Fecha del precio de reemplazo | Tipo de item de Koha |
|---|---|---|---|---|---|---|---|---|---|---|---|
| Hospital Universitario 12 de Octubre | Hospital Universitario 12 de Octubre | 2022-10-27 | PC17037 | 2022-10-27 | 2022-10-27 | Artículo |








